Statistics for First TNA / Impact World Championship Wins

Click here to take the quiz!

General Stats

  • This quiz has been taken 17 times
  • The average score is 10 of 14

Answer Stats

WrestlerEvent of their first Impact World Championship win% Correct
Samoa JoeLockdown 2008
92%
Johnny ImpactBound for Glory 2018
85%
Austin AriesDestination X 2012
85%
Mick FoleyLockdown 2009
85%
Bully RayLockdown 2013
85%
Jeff HardyBound for Glory 2010
77%
Kurt AngleSlammiversary 2007
77%
StingBound for Glory 2007
69%
AJ StylesNo Surrender 2009
69%
Brian CageRebellion 2019
69%
Pentagon Jr.Redemption 2018
69%
Matt HardyBound for Glory 2015
62%
Mr. AndersonGenesis 2011
62%
Alberto El PatronSlammiversary 2017
62%

Score Distribution

Percentile by Number Answered

Percent of People with Each Score

Your Score History

You have not taken this quiz